000 00783nam a22002657a 4500
003 DO-SdBNP
005 20180315102117.0
008 171113b 1994 sp ||||| |||| 00| 0 spa d
020 _a8434842955
040 _aBPMSU
_bspa
_cBPMSU
092 _axxxx
_bxxxx
100 1 _aMoser, Erwin
245 1 _aKoko y Kiri /
_cErwin Moser. traducción del alemán: Marinella Terzi. Ilustraciones: Erwin Moser.
260 _aMadrid :
_bSM,
_c1994.
300 _a59 p. :
_bil. ;
_c22 cm.
490 1 _aEl barco de vapor
_v3
490 1 _aBlanca
700 1 2 _aMoser, Erwin,
_eil.
700 1 2 _aTerzi, Marinella,
_etr.
830 0 _aEl barco de vapor
_v3
830 0 _aBlanca
942 _2ddc
_cBK
945 _aInventariado, 2018 / BT
956 _aLOPEREZ
_b10
_c20171113
_h0041
_iBPMSU
999 _c12872
_d12872